الإيواء الأسري في الشريعة الإسلامية والقانون : (Record no. 125466)
[ view plain ]
| 000 -الفاتح | |
|---|---|
| عناصر البيانات ثابتة الطول | 00963cam a2200229 i 4500 |
| 005 - تاريخ ووقت آخر معاملة | |
| حقل ضبط | 20251214095802.0 |
| 008 - عناصر البيانات ثابتة الطول | |
| عناصر البيانات ثابتة الطول | 250721s2012 jo gr 000 0 ara d |
| 082 14 - رقم تصنيف ديوي العشري | |
| رقم التصنيف | 216.53 |
| رقم المادة | م و م |
| 100 1# - مدخل رئيسي – اسم شخصي | |
| الاسم الشخصي | المومني، هشام عوض |
| علاقة الشخص بالعمل/ دوره | مؤلف. |
| 245 12 - بيان العنوان | |
| العنوان | الإيواء الأسري في الشريعة الإسلامية والقانون : |
| بقية العنوان | دراسة فقهية ، قانونية ، تطبيقية / |
| بيان المسؤولية | الدكتور هشام عوض المومني. |
| 250 ## - بيان الطبعة | |
| بيان الطبعة | الطبعة الأولى. |
| 264 31 - بيانات النشر، التوزيع…إلخ | |
| مكان النشر، التوزيع...إلخ | عمان : |
| اسم الناشر، الموزع...إلخ | دار الفرقان للنشر والتوزيع، |
| تاريخ النشر، التوزيع...إلخ | 2012. |
| 264 31 - بيانات النشر، التوزيع…إلخ | |
| مكان النشر، التوزيع...إلخ | عمان : |
| اسم الناشر، الموزع...إلخ | دار العدوي للنشر والتوزيع، |
| تاريخ النشر، التوزيع...إلخ | 2012. |
| 300 ## - الوصف المادي | |
| عدد الوحدات المكونة للوعاء | 440 صفحة. |
| 650 17 - مدخل إضافي بالموضوع - مصطلح موضوعي | |
| مصطلح موضوعي أو اسم جغرافي كعنصر مدخل | الأسرة. |
| 650 17 - مدخل إضافي بالموضوع - مصطلح موضوعي | |
| مصطلح موضوعي أو اسم جغرافي كعنصر مدخل | الحقوق الأسرية. |
| 650 17 - مدخل إضافي بالموضوع - مصطلح موضوعي | |
| مصطلح موضوعي أو اسم جغرافي كعنصر مدخل | قانون الأسرة. |
| 650 17 - مدخل إضافي بالموضوع - مصطلح موضوعي | |
| مصطلح موضوعي أو اسم جغرافي كعنصر مدخل | الفقه الإسلامي. |
| 650 17 - مدخل إضافي بالموضوع - مصطلح موضوعي | |
| مصطلح موضوعي أو اسم جغرافي كعنصر مدخل | اللقيط. |
| 942 ## - بيانات إضافية (كوها) | |
| نوع التنصيف | Dewey Decimal Classification |
| نوع المادة (كوها) | Books |
| حالة السحب | حالة الفقدان | مصدر التصنيف | حالة التلف | غير قابل للإعارة | المكتبة الرئيسية | المكتبة الحالية | موقع الرف | تاريخ التزويد | الرقم المتسلسل | Total Checkouts | رقم الإستدعاء | الباركود | تاريخ آخر ظهور | تاريخ الفاتورة | نوع المادة (كوها) |
|---|---|---|---|---|---|---|---|---|---|---|---|---|---|---|---|
| Dewey Decimal Classification | المكتبة المركزية | المكتبة المركزية | الإعارة | 28/07/2025 | 1527389 | 216.53 / م و م | PLD00252429 | 28/07/2025 | 28/07/2025 | Books | |||||
| Dewey Decimal Classification | المكتبة المركزية | المكتبة المركزية | مقتنيات قسم التزويد | 28/07/2025 | 1527391 | 216.53/موم | 28/07/2025 | 28/07/2025 | Books | ||||||
| Dewey Decimal Classification | المكتبة المركزية | المكتبة المركزية | مقتنيات قسم التزويد | 28/07/2025 | 1527392 | 216.53/موم | 28/07/2025 | 28/07/2025 | Books | ||||||
| Dewey Decimal Classification | المكتبة المركزية | المكتبة المركزية | مقتنيات قسم التزويد | 28/07/2025 | 1527393 | 216.53/موم | 28/07/2025 | 28/07/2025 | Books | ||||||
| Dewey Decimal Classification | المكتبة المركزية | المكتبة المركزية | مقتنيات قسم التزويد | 28/07/2025 | 1527394 | 216.53/موم | 28/07/2025 | 28/07/2025 | Books | ||||||
| Dewey Decimal Classification | المكتبة المركزية | المكتبة المركزية | مقتنيات قسم التزويد | 28/07/2025 | 1527395 | 216.53/موم | 28/07/2025 | 28/07/2025 | Books | ||||||
| Dewey Decimal Classification | المكتبة المركزية | المكتبة المركزية | مقتنيات قسم التزويد | 28/07/2025 | 1527397 | 216.53/موم | 28/07/2025 | 28/07/2025 | Books | ||||||
| Dewey Decimal Classification | مكتبة أبو علندا العامة | مكتبة أبو علندا العامة | الإعارة | 14/06/2012 | 1527398 | 216.53/موم | PLD00252492 | 28/07/2025 | 14/06/2012 | Books | |||||
| Dewey Decimal Classification | مكتبة أم قصير والمقابلين العامة | مكتبة أم قصير والمقابلين العامة | الإعارة | 14/06/2012 | 1527399 | 216.53/موم | PLD00252493 | 28/07/2025 | 14/06/2012 | Books | |||||
| Dewey Decimal Classification | مكتبة الاميرة بديعة | مكتبة الاميرة بديعة | الإعارة | 14/06/2012 | 1527403 | 216.53/موم | PLD00252497 | 28/07/2025 | 14/06/2012 | Books | |||||
| Dewey Decimal Classification | مكتبة الجويدة | مكتبة الجويدة | الإعارة | 27/05/2018 | 1679459 | 216.53/موم | PLD00421513 | 28/07/2025 | 27/05/2018 | Books | |||||
| Dewey Decimal Classification | مكتبة الحسن العامة | مكتبة الحسن العامة | الإعارة | 14/06/2012 | 1527401 | 216.53/موم | PLD00252495 | 28/07/2025 | 14/06/2012 | Books | |||||
| Dewey Decimal Classification | مكتبة النصر العامة | مكتبة النصر العامة | الإعارة | 14/06/2012 | 1527404 | 216.53/موم | PLD00252498 | 28/07/2025 | 14/06/2012 | Books | |||||
| Dewey Decimal Classification | مكتبة حمزة العامة | مكتبة حمزة العامة | الإعارة | 14/06/2012 | 1527407 | 216.53/موم | PLD00252501 | 28/07/2025 | 14/06/2012 | Books | |||||
| Dewey Decimal Classification | مكتبة صويلح العامة | مكتبة صويلح العامة | الإعارة | 14/06/2012 | 1527400 | 216.53/موم | PLD00252494 | 28/07/2025 | 14/06/2012 | Books | |||||
| Dewey Decimal Classification | مكتبة وادي السير العامة | مكتبة وادي السير العامة | الإعارة | 14/06/2012 | 1527406 | 216.53/موم | PLD00252500 | 28/07/2025 | 14/06/2012 | Books |